Statistiken für Wahrzeichen von Ländern Quiz #2

Klicken Sie hier um das Quiz zu spielen!

Allgemein

  • Dieses Quiz wurde 1,265 mal gespielt
  • Das Durchschnittsergebnis liegt bei 14 aus 22

Antwortstatistiken

Wahrzeichen Land % Korrekt
EiffelturmFrankreich
100%
Grand CanyonVereinigte Staaten
99%
Brandenburger TorDeutschland
98%
StonehengeVereinigtes Königreich
95%
FujiJapan
89%
UluruAustralien
83%
Kleine MeerjungfrauDänemark
82%
Sagrada FamiliaSpanien
78%
SognefjordNorwegen
78%
TeotihuacánMexiko
78%
ParthenonGriechenland
76%
Pantheon (Original)Italien
70%
Blaue MoscheeTürkei
68%
Luxor-TempelÄgypten
66%
LotustempelIndien
45%
Moraine LakeKanada
43%
Palm IslandsVereinigte Arabische
Emirate
41%
PersepolisIran
41%
KrakatauIndonesien
41%
Salto ÁngelVenezuela
37%
Potala-PalastChina
18%
MerlionbrunnenSingapur
13%

Verteilung der Resultate

Perzentil nach korrekt beantworteten Fragen

Anzahl Personen mit jedem Resultat

Ihre Resultats-Entwicklung

Sie haben dieses Quiz noch nicht gespielt